[Event "Stuttgart-chA int"]
[Site "Ditzingen"]
[Date "2009.05.21"]
[Round "1"]
[White "Zieher, Andre"]
[Black "Daubenfeld, Gilles"]
[Result "0-1"]
[WhiteElo "1929"]
[BlackElo "2151"]
[PlyCount "80"]
[EventDate "2009.05.21"]
[EventType "swiss"]
[EventRounds "7"]
[EventCountry "GER"]
[SourceTitle "EXT 2018"]
[Source "ChessBase"]
[SourceDate "2017.10.13"]
[SourceVersion "1"]
[SourceVersionDate "2017.10.13"]
[SourceQuality "1"]

1. f4 Nf6 2. Nf3 g6 3. e3 Bg7 4. d4 c5 5. c3 cxd4 6. exd4 d6 7. Bd3 0-0 8. 0-0 Nc6 9. Na3 a6 10. Nc4 b5 11. Ne3 e6 12. Ng5 Bb7 13. Bc2 Ne7 14. Qe1 Rc8 15. Qh4 h6 16. Nf3 Ned5 17. Nxd5 Nxd5 18. Qxd8 Rfxd8 19. Be4 Ba8 20. Bd3 Nb6 21. h3 e5 22. dxe5 dxe5 23. Be2 e4 24. Ne5 Re8 25. Be3 Nd5 26. Bd4 Nxf4 27. Rxf4 Bxe5 28. Bxe5 Rxe5 29. Rf6 Rc6 30. Rxc6 Bxc6 31. a4 bxa4 32. Bxa6 Rd5 33. Bc4 Rd2 34. Rf1 Bd5 35. Bxd5 Rxd5 36. Rf2 f5 37. Kf1 Kf7 38. Ke2 Ke6 39. Rf1 Rb5 40. Rb1 Rb3 0-1

[Event "Stuttgart-chA int"]
[Site "Ditzingen"]
[Date "2006.05.28"]
[Round "7"]
[White "Zieher, Andre"]
[Black "Uhlarz, Joerg"]
[Result "1-0"]
[WhiteElo "1914"]
[BlackElo "1921"]
[PlyCount "91"]
[EventDate "2006.05.25"]
[EventType "swiss"]
[EventRounds "7"]
[EventCountry "GER"]
[SourceTitle "EXT 2018"]
[Source "ChessBase"]
[SourceDate "2017.10.13"]
[SourceVersion "1"]
[SourceVersionDate "2017.10.13"]
[SourceQuality "1"]

1. f4 e6 2. e3 Qh4+ 3. g3 Qe7 4. Nf3 Nc6 5. Bg2 b6 6. b3 Bb7 7. Bb2 0-0-0 8. Nc3 h5 9. Qe2 Nf6 10. 0-0-0 g6 11. e4 Bh6 12. Kb1 Rhg8 13. d4 d5 14. exd5 Nxd5 15. Nxd5 exd5 16. Qxe7 Nxe7 17. Ne5 Rdf8 18. Ba3 Kd8 19. Rhe1 f6 20. Bxe7+ Kxe7 21. Nxg6+ Kf7 22. Nxf8 Bxf8 23. Bh3 Kg6 24. Re8 Kg7 25. Rd8 Bd6 26. Rxg8+ Kxg8 27. Bg2 h4 28. c4 c6 29. Re1 Kf7 30. Kc2 hxg3 31. hxg3 a5 32. Rh1 Kg7 33. Rh5 Kg6 34. Rh8 dxc4 35. bxc4 Kg7 36. Rd8 Bb4 37. Rd7+ Kg6 38. Rxb7 b5 39. cxb5 cxb5 40. Rxb5 Be1 41. Be4+ f5 42. Rxf5 Kh6 43. g4 a4 44. d5 a3 45. d6 Bh4 46. Rh5+ 1-0

[Event "Stuttgart-chA int"]
[Site "Ditzingen"]
[Date "2005.05.07"]
[Round "5"]
[White "Schmied, Andreas"]
[Black "Zieher, Andre"]
[Result "1/2-1/2"]
[WhiteElo "2093"]
[BlackElo "1879"]
[PlyCount "106"]
[EventDate "2005.05.05"]
[EventType "swiss"]
[EventRounds "7"]
[EventCountry "GER"]
[SourceTitle "EXT 2018"]
[Source "ChessBase"]
[SourceDate "2017.10.13"]
[SourceVersion "1"]
[SourceVersionDate "2017.10.13"]
[SourceQuality "1"]

1. e4 e6 2. d4 d5 3. e5 c5 4. c3 Nc6 5. Nf3 a6 6. Be2 Nge7 7. Na3 Ng6 8. h4 Be7 9. g3 Nf8 10. Nc2 b5 11. g4 Bb7 12. g5 Rc8 13. h5 Qc7 14. Ne3 cxd4 15. cxd4 Nb4 16. a3 Nc2+ 17. Nxc2 Qxc2 18. Qxc2 Rxc2 19. Bd3 Rc6 20. Bd2 Nd7 21. Ke2 0-0 22. Rag1 g6 23. Rh3 Kg7 24. Rgh1 Rh8 25. Nh2 Nb6 26. Ng4 Nc4 27. Bc1 Rcc8 28. Nf6 a5 29. Kd1 b4 30. a4 Ba6 31. b3 gxh5 32. bxc4 dxc4 33. Nxh5+ Kf8 34. Bb1 c3 35. Bc2 Bb7 36. R1h2 Bd5 37. Nf6 Bxf6 38. gxf6 b3 39. Ba3+ Ke8 40. Bxh7 Rxh7 41. Rxc3 Rxc3 42. Rxh7 Bf3+ 43. Kd2 Rc2+ 44. Ke3 Bd5 45. Rh8+ Kd7 46. Rf8 b2 47. Bxb2 Rxb2 48. Rxf7+ Ke8 49. Ra7 Rb3+ 50. Kf4 Rf3+ 51. Kg5 Rxf2 52. Rxa5 Rg2+ 53. Kf4 Rf2+ 1/2-1/2

[Event "Stuttgart-chA int"]
[Site "Ditzingen"]
[Date "2005.05.06"]
[Round "4"]
[White "Zieher, Andre"]
[Black "Siegle, Florian"]
[Result "1-0"]
[WhiteElo "1879"]
[BlackElo "2050"]
[PlyCount "119"]
[EventDate "2005.05.05"]
[EventType "swiss"]
[EventRounds "7"]
[EventCountry "GER"]
[SourceTitle "EXT 2018"]
[Source "ChessBase"]
[SourceDate "2017.10.13"]
[SourceVersion "1"]
[SourceVersionDate "2017.10.13"]
[SourceQuality "1"]

1. f4 e5 2. fxe5 Nc6 3. Nf3 d6 4. exd6 Bxd6 5. g3 h5 6. Bg2 Bg4 7. Nc3 Qd7 8. Ne4 Be7 9. d3 Bh3 10. Bxh3 Qxh3 11. Bf4 0-0-0 12. Qd2 Qe6 13. Nc3 Nb4 14. a3 Nd5 15. Nxd5 Qxd5 16. Qc3 Rd7 17. Qxg7 Bf6 18. Qf8+ Rd8 19. Qb4 a5 20. Qb3 Qxb3 21. cxb3 Bxb2 22. Ra2 Bc3+ 23. Nd2 Nf6 24. Rc2 Nd5 25. 0-0 Bd4+ 26. Kh1 h4 27. gxh4 Rhg8 28. Bg3 Rd7 29. Bf2 Ne3 30. Bxe3 Bxe3 31. Nc4 Bd4 32. e3 Ba7 33. d4 a4 34. bxa4 f6 35. Rxf6 Rdg7 36. Rf1 Kd8 37. Ne5 c6 38. Nf3 Rf8 39. Rc3 Rgf7 40. Rb3 Rh7 41. Kg2 Rg7+ 42. Kf2 Rh7 43. Ke2 Re8 44. Rg1 Kc7 45. Rgb1 Kc8 46. a5 Rhe7 47. a6 b5 48. Rc1 Re6 49. Rbc3 c5 50. dxc5 Re4 51. Rb1 Kc7 52. Rxb5 Kc6 53. Rb4 Rxb4 54. axb4 Kb5 55. Rb3 Kc4 56. Rb1 Re7 57. Nd2+ Kb5 58. Kd3 Rd7+ 59. Kc3 Bb8 60. Nc4 1-0

[Event "Wuerttemberg-ch U18"]
[Site "Friedrichshafen"]
[Date "2005.03.29"]
[Round "2"]
[White "Zieher, Andre"]
[Black "Hoffmann, Marcel"]
[Result "1-0"]
[WhiteElo "1613"]
[BlackElo "1396"]
[PlyCount "69"]
[EventDate "2005.03.29"]
[EventType "swiss"]
[EventRounds "7"]
[EventCountry "GER"]
[SourceTitle "EXT 2007"]
[Source "ChessBase"]
[SourceDate "2006.11.23"]
[SourceVersion "1"]
[SourceVersionDate "2006.11.23"]
[SourceQuality "1"]

1. f4 d5 2. Nf3 c5 3. e3 Bg4 4. b3 a6 5. Be2 Nc6 6. Bb2 Nf6 7. 0-0 e6 8. Qe1 Be7 9. h3 Bh5 10. d3 0-0 11. g4 Nxg4 12. hxg4 Bxg4 13. Rf2 Bxf3 14. Rxf3 Bh4 15. Qf1 e5 16. Qg2 Re8 17. Rh3 Bf6 18. Nd2 exf4 19. Bxf6 Qxf6 20. Rf1 Re6 21. Rxf4 Qa1+ 22. Rf1 Qxa2 23. Bh5 g6 24. Bd1 Rd8 25. Qh2 h5 26. Qf4 Rd7 27. Rg3 Kf8 28. Qh6+ Ke7 29. Qg7 Nd8 30. e4 d4 31. Nc4 Rc7 32. Rgf3 Kd7 33. Rxf7+ Nxf7 34. Rxf7+ Kd8 35. Qf8+ 1-0

[Event "Stuttgart-chA"]
[Site "Stuttgart"]
[Date "2004.??.??"]
[Round "?"]
[White "Zieher, Andre"]
[Black "Behm, Simon"]
[Result "1/2-1/2"]
[WhiteElo "1645"]
[BlackElo "2070"]
[PlyCount "62"]
[EventDate "2004.05.20"]
[EventType "swiss"]
[EventRounds "7"]
[EventCountry "GER"]
[SourceTitle "EXT 2007"]
[Source "ChessBase"]
[SourceDate "2006.11.23"]
[SourceVersion "1"]
[SourceVersionDate "2006.11.23"]
[SourceQuality "1"]

1. f4 d5 2. Nf3 g6 3. e3 Bg7 4. Be2 c5 5. 0-0 Nh6 6. Qe1 0-0 7. d3 Bg4 8. c3 Nc6 9. Nbd2 Nf5 10. Nb3 Qb6 11. Kh1 a5 12. e4 dxe4 13. dxe4 a4 14. Nxc5 Qxc5 15. exf5 Bxf5 16. Qf2 Qxf2 17. Rxf2 a3 18. Bb5 Rfd8 19. h3 Rd1+ 20. Kh2 Be6 21. Bxc6 bxc6 22. Ne5 axb2 23. Bxb2 Rxa1 24. Bxa1 c5 25. Nd3 c4 26. Nc5 Bf5 27. g4 Bb1 28. a4 Rc8 29. Nd7 Rd8 30. Nb6 Bd3 31. Ra2 e5 1/2-1/2

[Event "Stuttgart-chA"]
[Site "Stuttgart"]
[Date "2004.??.??"]
[Round "?"]
[White "Zieher, Andre"]
[Black "Vollmer, Oliver"]
[Result "0-1"]
[WhiteElo "1645"]
[BlackElo "1985"]
[PlyCount "53"]
[EventDate "2004.05.20"]
[EventType "swiss"]
[EventRounds "7"]
[EventCountry "GER"]
[SourceTitle "EXT 2007"]
[Source "ChessBase"]
[SourceDate "2006.11.23"]
[SourceVersion "1"]
[SourceVersionDate "2006.11.23"]
[SourceQuality "1"]

1. f4 d5 2. Nf3 Nf6 3. e3 Bg4 4. Be2 Nbd7 5. 0-0 Bxf3 6. Bxf3 e5 7. fxe5 Nxe5 8. b3 c6 9. Bb2 Bd6 10. Qe1 Qc7 11. Qh4 0-0-0 12. Be2 Kb8 13. Qh3 h5 14. Bxe5 Bxe5 15. d4 Bd6 16. Nd2 Rde8 17. c4 Ng4 18. Bxg4 hxg4 19. Qxg4 Bxh2+ 20. Kf2 f5 21. Qf3 f4 22. e4 Qa5 23. Rfe1 Bg3+ 24. Ke2 dxe4 25. Nxe4 Re7 26. Kf1 Rh1+ 27. Ke2 0-1

[Event "BEM-ch U18"]
[Site "Vaihingen/Enz"]
[Date "2003.02.01"]
[Round "5"]
[White "Zieher, Andre"]
[Black "Bissbort, Julian"]
[Result "0-1"]
[WhiteElo "1519"]
[BlackElo "1803"]
[PlyCount "32"]
[EventDate "2003.01.??"]
[EventType "swiss"]
[EventRounds "7"]
[EventCountry "GER"]
[SourceTitle "EXT 2005"]
[Source "ChessBase"]
[SourceDate "2004.11.15"]
[SourceVersion "1"]
[SourceVersionDate "2004.11.15"]
[SourceQuality "1"]

1. f4 d5 2. Nf3 Nf6 3. e3 c5 4. Bb5+ Bd7 5. Bxd7+ Nbxd7 6. b3 g6 7. Bb2 Bg7 8. 0-0 0-0 9. Qe1 Rc8 10. Qh4 c4 11. bxc4 Rxc4 12. Nc3 Qc7 13. Rab1 e5 14. fxe5 Rxh4 15. Nxh4 Nxe5 16. Nb5 Qb8 0-1

[Event "BEM-ch U14"]
[Site "Tamm"]
[Date "2001.02.10"]
[Round "5"]
[White "Holschke, Christian"]
[Black "Zieher, Andre"]
[Result "0-1"]
[WhiteElo "819"]
[BlackElo "1146"]
[PlyCount "120"]
[EventDate "2001.??.??"]
[EventType "swiss"]
[EventRounds "5"]
[EventCountry "GER"]
[SourceTitle "EXT 2003"]
[Source "ChessBase"]
[SourceDate "2002.11.25"]
[SourceVersion "1"]
[SourceVersionDate "2002.11.25"]
[SourceQuality "1"]

1. e4 e6 2. Nc3 Nf6 3. a3 d5 4. exd5 exd5 5. d4 c5 6. dxc5 Bxc5 7. Bg5 Qd6 8. Bxf6 Qxf6 9. Nf3 Qe6+ 10. Qe2 Qxe2+ 11. Bxe2 d4 12. Na4 b6 13. Nxc5 bxc5 14. 0-0 0-0 15. Nd2 Ba6 16. Bf3 Bxf1 17. Nxf1 Nd7 18. Bc6 Rad8 19. Bxd7 Rxd7 20. Nd2 d3 21. cxd3 Rxd3 22. Nf1 Rfd8 23. Ne3 c4 24. Kf1 c3 25. bxc3 Rxc3 26. Ke2 h6 27. a4 Rc6 28. h4 Ra6 29. f4 Rd4 30. Kf3 Rdxa4 31. Rg1 Rc6 32. g4 Rc3 33. g5 h5 34. f5 Raa3 35. Re1 g6 36. fxg6 fxg6 37. Kf4 a5 38. Nd5 Rc4+ 39. Re4 Rxe4+ 40. Kxe4 Ra4+ 41. Kd3 Rxh4 42. Ne7+ Kf7 43. Kc3 Rb4 44. Nd5 Rb8 45. Ne3 a4 46. Nc2 h4 47. Nb4 h3 48. Nc6 Rb3+ 49. Kc2 h2 50. Ne5+ Kg7 51. Nd3 h1Q 52. Kd2 Rxd3+ 53. Kxd3 a3 54. Kc2 a2 55. Kd3 a1Q 56. Ke3 Qe5+ 57. Kd3 Qhe4+ 58. Kd2 Qg3 59. Kc1 Qe2 60. Kb1 Qge1# 0-1

[Event "BEM-ch U14"]
[Site "Tamm"]
[Date "2000.02.05"]
[Round "4"]
[White "Zieher, Andre"]
[Black "Uhl, Philipp"]
[Result "0-1"]
[WhiteElo "925"]
[BlackElo "1228"]
[PlyCount "88"]
[EventDate "2000.01.22"]
[EventType "swiss"]
[EventRounds "5"]
[EventCountry "GER"]
[SourceTitle "EXT 2003"]
[Source "ChessBase"]
[SourceDate "2002.11.25"]
[SourceVersion "1"]
[SourceVersionDate "2002.11.25"]
[SourceQuality "1"]

1. e4 c5 2. Nf3 Nc6 3. Nc3 d6 4. h3 g6 5. Bc4 h6 6. d3 Bg7 7. Nd5 Be6 8. c3 a6 9. Ne3 Bxc4 10. Nxc4 Nf6 11. 0-0 0-0 12. Bd2 Nd7 13. Qc1 Kh7 14. Ne3 Nde5 15. Nxe5 Nxe5 16. Qc2 Rc8 17. Qb1 Qb6 18. Nd5 Qd8 19. c4 Nd7 20. Qc1 Ne5 21. Qc2 b5 22. cxb5 axb5 23. Be3 e6 24. Nf4 Qc7 25. Rac1 Qa5 26. a3 b4 27. Bd2 Qb5 28. a4 Qa6 29. Ra1 g5 30. Ne2 Qxd3 31. Qxd3 Nxd3 32. a5 Ra8 33. Ra2 Nxb2 34. Nc1 Nc4 35. Nb3 Ra6 36. Rd1 Rfa8 37. Bc1 Nxa5 38. Nxa5 Rxa5 39. Rxa5 Rxa5 40. Rxd6 Ra1 41. Rd1 Bb2 42. Bxb2 Rxd1+ 43. Kh2 c4 44. g4 c3 0-1